Statistiques concernant Palmarès C1

Cliquez ici pour prendre le quiz!

Statistiques générales

  • Ce quiz a été pris 105 fois
  • Le résultat moyen est 56 sur 64

Statistiques - réponses

HintRéponse% Correct
1956Real Madrid
100%
2014Real Madrid
100%
1957Real Madrid
100%
1998Real Madrid
100%
2000Real Madrid
100%
2002Real Madrid
100%
1966Real Madrid
100%
2016Real Madrid
100%
2017Real Madrid
100%
2018Real Madrid
100%
1960Real Madrid
100%
1959Real Madrid
100%
1958Real Madrid
100%
2015FC Barcelone
99%
2011FC Barcelone
99%
2009FC Barcelone
99%
2006FC Barcelone
99%
1992FC Barcelone
99%
1981Liverpool FC
98%
2005Liverpool FC
98%
1984Liverpool FC
98%
2019Liverpool FC
98%
1978Liverpool FC
98%
1977Liverpool FC
98%
2008Manchester United
96%
1968Manchester United
96%
1999Manchester United
96%
2012Chelsea FC
95%
2001Bayern Munich
93%
1974Bayern Munich
93%
1976Bayern Munich
93%
2013Bayern Munich
93%
1975Bayern Munich
93%
1964Internazionale
93%
2010Internazionale
93%
1965Internazionale
93%
2004FC Porto
92%
1987FC Porto
92%
1990AC Milan
91%
1994AC Milan
91%
1963AC Milan
91%
2007AC Milan
91%
1989AC Milan
91%
1969AC Milan
91%
2003AC Milan
91%
1993Olympique de Marseille
90%
1985Juventus FC
85%
1996Juventus FC
85%
1973Ajax Amsterdam
84%
1971Ajax Amsterdam
84%
1972Ajax Amsterdam
84%
1995Ajax Amsterdam
84%
1962Benfica Lisbonne
76%
1961Benfica Lisbonne
76%
1991Etoile Rouge de Belgrade
69%
1979Nottingham Forest
69%
1980Nottingham Forest
69%
1997Borussia Dortmund
63%
1988PSV Eindhoven
53%
1967Celtic Glasgow
46%
1983Hambourg SV
45%
1970Feyenoord Rotterdam
43%
1982Aston Villa
42%
1986Steaua Bucarest
37%

Distribution des résultats

Percentile par nombre de réponses

% des personnes avec chaque résultat

Votre développement - résultats

Vous n’avez pas pris ce quiz